[Event "Commonwealth-ch U08"]
[Site "New Delhi"]
[Date "2019.07.02"]
[Round "2.2"]
[White "Ethan, Vaz"]
[Black "Saatwik, Jajoo"]
[Result "1-0"]
[WhiteElo "1441"]
[BlackElo "1065"]
[PlyCount "97"]
[EventDate "2019.07.01"]
[EventType "swiss"]
[EventRounds "7"]
[EventCountry "IND"]
[SourceTitle "EXT 2024"]
[Source "ChessBase"]
[SourceDate "2023.10.10"]
[SourceVersion "1"]
[SourceVersionDate "2023.10.10"]
[SourceQuality "1"]

1. e4 e5 2. Nf3 Nc6 3. Bc4 Bc5 4. d3 Nf6 5. Nc3 d6 6. h3 h6 7. Be3 Bb6 8. Ne2 Be6 9. Bb3 d5 10. exd5 Nxd5 11. Bxb6 axb6 12. Qd2 0-0 13. 0-0 Qd7 14. Ng3 Nf4 15. Kh2 Bxh3 16. Nxe5 Nxe5 17. Qxf4 Ng6 18. Qe4 Be6 19. Bxe6 Qxe6 20. Qxe6 fxe6 21. f3 Ra5 22. Rfe1 Re8 23. Re4 Rc5 24. c3 Rb5 25. b4 Rd5 26. d4 c5 27. Ne2 cxb4 28. cxb4 e5 29. f4 Re7 30. fxe5 Rd8 31. Rc1 Nf8 32. Nc3 Nd7 33. Rce1 Kh7 34. d5 Rde8 35. e6 Nb8 36. d6 Rxe6 37. Rxe6 Rxe6 38. Rxe6 Kg8 39. Re8+ Kf7 40. Rxb8 Ke6 41. Nb5 Kd7 42. Rxb7+ Kc6 43. d7 Kxb7 44. d8Q Kc6 45. Nc3 Kb7 46. b5 Ka7 47. Nd5 Kb7 48. Qc7+ Ka8 49. Nxb6# 1-0